| 000 | 00715pam a2200253 a 4500 | ||
|---|---|---|---|
| 008 | |||
| 020 | _a0582212731(pbk.) | ||
| 090 |
_aTJ255 _bJOE |
||
| 100 | 1 | _aJoel, Rayner. | |
| 245 | 1 | 0 |
_aBasic engineering thermodynamics / _cRayner Joel. |
| 250 | _a4th ed. | ||
| 260 |
_aHarlow : _bLongman Scientific & Technical, _c1987. |
||
| 300 |
_axii, 803 p. : _bill. ; _c22 cm. |
||
| 500 | _aIncludes index. | ||
| 504 | _aIncludes bibliographical references. | ||
| 650 | 0 | _aHeat-engines. | |
| 650 | 0 | _aThermodynamics. | |
| 907 |
_a.b10170236 _b07-06-21 _c01-08-05 |
||
| 003 | |||
| 005 | 20230123134044.0 | ||
| 040 | _cNUST | ||
| 049 | _aMAIN | ||
| 942 |
_cBOOKS _kTJ255 _mJOE |
||
| 999 |
_c159240 _d159240 |
||